Škola hry na kytaru pro začátečníky /
| Hlavní autor: | Jirmal, Jiří, 1925-2019 |
|---|---|
| Jazyk: | Čeština |
| Vydáno: |
Praha : Supraphon, 1972 |
| Vydání: | 1. vyd. |
| Témata: | |
| Fyzický popis: |
115 s. |
|
| LEADER | 00539nam a22001932a 4500 | ||
|---|---|---|---|
| 001 | 000064018 | ||
| 003 | CZ BrMZK | ||
| 005 | 20260401074123.0 | ||
| 008 | 950407s1972 xr f cze d | ||
| 040 | |a BOA001 |b cze | ||
| 100 | 1 | |a Jirmal, Jiří, |d 1925-2019 |7 jk01051892 |4 aut | |
| 245 | 1 | 0 | |a Škola hry na kytaru pro začátečníky / |c Jiří Jirmal |
| 250 | |a 1. vyd. | ||
| 260 | |a Praha : |b Supraphon, |c 1972 | ||
| 300 | |a 115 s. | ||
| 910 | |a BOA001 |b PK-N-0014.782 | ||
| 964 | |a Kytara - školy pro začátečniky | ||
| 990 | |a BK | ||
| 991 | |s SKRYTO odpis | ||
English
Čeština 